| 000 | 00559nam a22001697a 4500 | ||
|---|---|---|---|
| 003 | PILC | ||
| 005 | 20150604162049.0 | ||
| 008 | 150604b xxu||||| |||| 00| 0 eng d | ||
| 050 |
_aHD 2877.3.A1 _b.Y19 2009 |
||
| 100 | _aYamabuki, Minoru Aeko B. | ||
| 245 |
_aPoint of sales system of wincel enterprises / _cMinoru Aeko B. Yamabuki. |
||
| 260 |
_aLas PiƱas : _bSISC, _c2009. |
||
| 300 |
_ax, 80 pages : _billustrations ; _c28 cm. + _e1 CD. |
||
| 500 | _aIncludes bibliographical references and appendices. | ||
| 650 | _aSales tax. | ||
| 942 |
_2lcc _cTH _kLOC |
||
| 999 |
_c284730 _d284730 |
||